Méndez Nuñez y su proyección histórica : (Record no. 189124)

MARC details
000 -LEADER
campo de control de longitud fija 00775nam a2200193 i 4500
001 - NÚMERO DE CONTROL
campo de control 189124
003 - IDENTIFICADOR DE NÚMERO DE CONTROL
campo de control ES-MaACL
005 - FECHA Y HORA DE LA ÚLTIMA TRANSACCIÓN
campo de control 20231226162525.0
008 - DATOS DE LONGITUD FIJA--INFORMACIÓN GENERAL
campo de control de longitud fija 190403s1993 sp |||| | spa d
245 00 - MENCIÓN DEL TÍTULO
Título Méndez Nuñez y su proyección histórica :
Resto del título ciclo de conferencias, octubre 1993.
260 ## - PUBLICACIÓN, DISTRIBUCIÓN, ETC.
Lugar de publicación, distribución, etc. Madrid :
Nombre del editor, distribuidor, etc. Instituto de Historia y Cultura Naval,
Fecha de publicación, distribución, etc. 1993.
300 ## - DESCRIPCIÓN FÍSICA
Extensión 84 p. :
Otras características físicas il. ;
Dimensiones 24 cm.
490 1# - MENCIÓN DE SERIE
Mención de serie Cuadernos monográficos del Instituto de Historia y Cultura Naval ;
Designación de volumen o secuencia 22
600 17 - PUNTO DE ACCESO ADICIONAL DE MATERIA--NOMBRE DE PERSONA
Nombre de persona Méndez Núñez, Casto,
Fechas asociadas al nombre 1824-1869
Fuente del encabezamiento o término
9 (RLIN) 141584
710 2# - ENTRADA AGREGADA--NOMBRE DE ENTIDAD CORPORATIVA
Nombre de entidad corporativa o nombre de jurisdicción como elemento de entrada Instituto de Historia y Cultura Naval (Madrid)
9 (RLIN) 4957
830 1# - PUNTO DE ACCESO ADICIONAL DE SERIE-TÍTULO UNIFORME
Título uniforme Cuadernos monográficos del Instituto de Historia y Cultura Naval ;
Designación de volumen o secuencia 22
9 (RLIN) 193258
852 ## - LOCALIZACIÓN
Ubicación ES-MaACL
Número de control de estantería 2339-F-21
Holdings
Estatus retirado Estado de pérdida Estado de daño No para préstamo Colección Biblioteca de origen Biblioteca actual Ubicación en estantería Fecha de adquisición Fuente de adquisición Total de préstamos Signatura topográfica completa Código de barras Visto por última vez Precio de reemplazo Tipo de ítem Koha
        Colección de folletos Biblioteca del Ateneo de Madrid Biblioteca del Ateneo de Madrid Depósito folletos 03/04/2019     2339-F-21 1200302 23/02/2023 23/02/2023 Folleto